10 Funny Penguins / (Record no. 199629)

MARC details
000 -LEADER
fixed length control field 01065nam a2200253 i 4500
005 - DATE AND TIME OF LATEST TRANSACTION
control field 20250519115530.0
008 - FIXED-LENGTH DATA ELEMENTS--GENERAL INFORMATION
fixed length control field 250519t20202020-uka ar 000 1 eng d
020 ## - INTERNATIONAL STANDARD BOOK NUMBER
International Standard Book Number 9783948930011
Terms of availability RM10.00 Denda
Qualifying information hardback
040 ## - CATALOGING SOURCE
Original cataloging agency PPAK
Language of cataloging eng
Transcribing agency PPAK
Description conventions rda
082 04 - DEWEY DECIMAL CLASSIFICATION NUMBER
Edition number 23
Classification number 428.6
090 00 - LOCALLY ASSIGNED LC-TYPE CALL NUMBER (OCLC); LOCAL CALL NUMBER (RLIN)
Classification number (OCLC) (R) ; Classification number, CALL (RLIN) (NR) 428.6
Feature heading TEN
Feature heading K
245 00 - TITLE STATEMENT
Title 10 Funny Penguins /
Statement of responsibility, etc. Illustrator: Nastja Holtfreter
246 31 - VARYING FORM OF TITLE
Title proper/short title Ten funny penguins
264 #1 - PRODUCTION, PUBLICATION, DISTRIBUTION, MANUFACTURE, AND COPYRIGHT NOTICE
Place of production, publication, distribution, manufacture London :
Name of producer, publisher, distributor, manufacturer Early Learny,
Date of production, publication, distribution, manufacture, or copyright notice 2020
Date of production, publication, distribution, manufacture, or copyright notice ©2020
300 ## - PHYSICAL DESCRIPTION
Extent 10 pages (unnumbered pages) :
Other physical details colour illustrations ;
Dimensions 18 cm
336 ## - CONTENT TYPE
Content type term text
Source rdacontent
337 ## - MEDIA TYPE
Media type term unmediated
Source rdamedia
338 ## - CARRIER TYPE
Carrier type term volume
Source rdacarrier
520 ## - SUMMARY, ETC.
Summary, etc. A fabulous and colorful picture board book specifically created for young children, '10 Funny Penguins' is a fun and interactive way to support different developmental milestones. It has been designed for children ages 0 to 3 to align with their developmental process.
650 10 - SUBJECT ADDED ENTRY--TOPICAL TERM
Topical term or geographic name entry element Readers
General subdivision Fiction
700 1# - ADDED ENTRY--PERSONAL NAME
Personal name Holtfreter, Nastja,
Relator term illustrator.
942 ## - ADDED ENTRY ELEMENTS (KOHA)
Source of classification or shelving scheme Dewey Decimal Classification
Koha item type Book
Holdings
Withdrawn Not for loan Current library Shelving location Date acquired Total Checkouts Full call number Barcode Date last seen Date last checked out Koha item type
    Perpustakaan Alor Setar Pinjaman Kanak-kanak 21/05/2025 1 K 428.6 TEN A00748909 04/09/2025 25/08/2025 Book